【プロ野球】2026年の中日ドラゴンズの選手 - Statistics

General Stats
  • This quiz has been taken 47 times
    28 since last reset
  • The average score is 44 of 65
Answer Stats
背番号
選手名
% Correct
22 大野雄大
100%
2 田中幹也
100%
17 柳裕也
94%
19 髙橋宏斗
94%
34 福敬登
94%
9 石伊雄太
94%
35 木下拓哉
94%
3 高橋周平
94%
5 村松開人
94%
23 サノー
94%
1 岡林勇希
94%
24 ボスラー
94%
51 上林誠知
94%
11 中西聖輝
88%
16 櫻井頼之介
88%
21 金丸夢斗
88%
90 松山晋也
88%
7 福永裕基
88%
60 山本泰寛
88%
63 板山祐太郎
88%
8 大島洋平
88%
42 ブライト健太
88%
55 細川成也
88%
54 藤嶋健人
81%
39 宇佐見真吾
81%
25 石川昂弥
81%
00 尾田剛樹
81%
66 鵜飼航丞
81%
14 草加勝
75%
50 清水達也
75%
59 齋藤綱記
75%
13 橋本侑樹
69%
26 仲地礼亜
69%
29 松木平優太
69%
30 根尾昂
69%
93 マラー
69%
49 加藤匠馬
69%
4 カリステ
69%
45 土田龍空
69%
38 松葉貴大
63%
48 阿部寿樹
63%
20 涌井秀章
56%
43 味谷大誠
56%
0 辻本倫太郎
56%
31 森駿太
56%
44 川越誠司
56%
57 花田旭
56%
28 アブレウ
50%
41 勝野昌慶
50%
58 石橋康太
50%
65 知野直人
50%
36 福田幸之介
44%
69 三浦瑞樹
44%
70 近藤廉
44%
97 樋口正修
44%
32 伊藤茉央
38%
33 杉浦稔大
38%
46 梅野雄吾
38%
61 高橋幸佑
38%
68 牧野憲伸
38%
47 吉田聖弥
31%
64 有馬惠叶
31%
67 能戸輝夢
25%
52 篠﨑国忠
19%
56 新保茉良
19%
No matching quizzes found
Score Distribution
Percent of People with Each Score
Percentile by Number Answered
Your Score History
You have not taken this quiz since the last reset